000 00917nam a22002177a 4500
005 20240530110508.0
008 151021s2010 ua a f 000 0cara d
017 _a2010/19105
_bمصر . دار الكتب المصرية
040 _aEG-CaGPL
082 0 4 _221
_a923.1
_bق/ع ى
100 0 _aعبدالله السناوى .
245 1 0 _aيوميات جمال عبدالناصر فى حرب فلسطين :
_bالنصوص الكاملة بخط يده /
_cعبدالله السناوى .
250 _aط1.
260 _aالقاهرة :
_bمكتبة جزيرة الورد ،
_c2010 .
300 _a375 ص :
_bايض ؛
_c24 سم .
600 0 4 _aجمال عبدالناصر
_vمذكرات .
600 0 4 _aجمال عبدالناصر
_vخطابات .
651 0 4 _aمصر
_xتاريخ
_yالعصر الحديث
_yجمال عبدالناصر .
942 _2ddc
_cBK
999 _c61608
_d61608